000 00421nam a22001097a 4500
082 _a320
100 _aसुब्रह्मण्‍यम शंकर
_983887
245 _aपरिवर्तनशील विश्‍व में भारत की रणनीति
260 _aनई दिल्‍ली
_bप्रभात प्रकाशन
_c2023
650 _aराजनीति
942 _cHIN
999 _c68891
_d68891